00437nam a2200157 a 45000010005000000030009000050080041000140400028000550820016000831000027000992450052001262500007001782600046001853000011002316500037002421863CO-ViMGA141112s2004 ck r 000 u spa d aCO-ViMGAbspacCO-ViMGA04a928.6 S458s1 aSantos Molano, Enrique10aJose Asución Silva : bel corazón del poeta a2a aSantafé de Bogotá : bPlaneta, c1996 a1000 p14aSILVA, JOSE ASUNCION 1865 - 1896